Interpretación moral de la Humanae vitae /

Comentarios desde la perspectiva de la moral cristiana del teólogo alemán Bernard Häring sobre la encíclica Humanae vitae, del Papa Paulo VI, que versa sobre las formas de control de natalidad y sobre el aborto. Este estudio surge como respuesta a muchos interrogantes puestos al teólogo redentorista...

Повний опис

Збережено в:
Бібліографічні деталі
Автор: Häring, Bernhard (autor)
Формат: Книга
Мова:Іспанська
Опубліковано: Madrid, España : Ediciones Paulinas, 1969, c1969
Серія:(Temas Candentes ; 6)
Предмети:
Теги: Додати тег
Немає тегів, Будьте першим, хто поставить тег для цього запису!

MARC

LEADER 00000nam^a2200000^a^4500
001 000182263
005 20250521000000.0
005 20250521000000.0
009 20260310102000.507
037 |a Acervo ITESO - Biblioteca 
041 |a ESP 
082 |a 262. 91  |b IGL HUM HAR 
100 |a Häring, Bernhard  |e (autor) 
240 1 1 |a [Encíclicas papales] 
240 1 1 |a [Humanae vitae] 
245 1 0 |a Interpretación moral de la Humanae vitae /  |c B. Häring ; notas y tr. por José Luis González-Valado. 
264 4 |a Madrid, España :  |b Ediciones Paulinas,  |c 1969, c1969 
300 |a 125 p. 
336 |a texto  |b txt  |2 rdacontenido 
337 |a sin mediación  |b n  |2 rdamedio 
338 |a volumen  |b nc  |2 rdasoporte 
440 1 |a (Temas Candentes ;  |v 6) 
520 |a Comentarios desde la perspectiva de la moral cristiana del teólogo alemán Bernard Häring sobre la encíclica Humanae vitae, del Papa Paulo VI, que versa sobre las formas de control de natalidad y sobre el aborto. Este estudio surge como respuesta a muchos interrogantes puestos al teólogo redentorista alemán a partir de dudas surgidas en la aplicación práctica y cotidiana de la doctrina moral planteada por la encíclica papal; fue publicado en el semanario italiano Famiglia Cristiana. 
649 |a XX 
650 |a Familia 
650 |a Matrimonio 
650 |a Relaciones de Pareja 
650 |a Relaciones Padres-Hijos 
650 |a Aborto -  |x Aspectos Eticos -  |x Tema Principal 
650 |a Control Natal -  |x Aspectos Eticos -  |x Tema Principal 
650 |a Reproducción Humana -  |x Aspectos Eticos -  |x Tema Principal 
650 |a Paternidad -  |x Aspectos Eticos 
650 |a Orientación Pastoral 
650 |a Encíclicas 
650 |a Documentos Pontificios -  |x Historia y Crítica 
650 |a Teología Doctrinal 
650 |a Educación Religiosa 
650 |a Iglesia Católica -  |x Cartas y Edictos Pastorales 
650 |a Iglesia Católica -  |x Historia -  |y Papa, 1963-1978 (Paulo VI) 
650 |a Iglesia y Educación 
650 |a Catolicismo 
650 |a Cristianismo 
650 |a Religión 
910 |a Fondo General 
920 |a Impresos - Libros 
930 |a Colección General 
905 |a 101 
901 |a 0500122222  |b IT1  |c ACC  |u 20250521 
902 |a https://opac.biblio.iteso.mx/vufind/Record/000182263